| 000 | 00519nam a22001815i 4500 | ||
|---|---|---|---|
| 001 | 171624 | ||
| 003 | ES-MaACL | ||
| 005 | 20230906214700.0 | ||
| 008 | 090522s1962 sp |||| | cat d | ||
| 080 | _a94(460.23) | ||
| 100 | 1 |
_aSoldevila, Ferran. _9107111 |
|
| 245 | 1 | 0 |
_aHistoria de Catalunya / _cper Ferran Soldevila. |
| 250 | _a2ª ed. rev. y aum. | ||
| 260 |
_aBarcelona : _bAlpha, _c1962-63. |
||
| 300 |
_a3 v. ; _c22 cm. |
||
| 651 | 4 |
_aCataluña- _xHistoria. _98013 |
|
| 852 |
_aES-MaACL _jC-23030-2 _9R.49981 |
||
| 999 |
_c171624 _d171624 |
||